书目信息 |
| 题名: |
《反杜林论》释注
|
|
| 作者: | ;山东大学《反杜林论》释注编写组 编 | |
| 分册: | ||
| 出版信息: | 济南 山东人民出版社 1982 |
|
| 页数: | 520页 | |
| 开本: | 21cm | |
| 丛书名: | ||
| 单 册: | ||
| 中图分类: | A811.24 , A81 | |
| 科图分类: | ||
| 主题词: | 恩格斯著作研究-反杜林论 | |
| 电子资源: | ||
| ISBN: | ||
| 000 | 00779nam0 2200265 45 | |
| 001 | 1259866531 | |
| 005 | 20090929162438.92 | |
| 010 | @dCNY1.70 | |
| 091 | @aCN@b3099.712 | |
| 100 | @a19950626d1982 em y0chiy0121 ea | |
| 101 | 0 | @achi |
| 102 | @aCN@b370000 | |
| 105 | @ay z 000yy | |
| 200 | 12 | @a《反杜林论》释注@A《 fan du lin lun》 shi zhu@f山东大学《反杜林论》释注编写组编 |
| 210 | @a济南@c山东人民出版社@d1982 | |
| 215 | @a520页@d21cm | |
| 605 | @a反杜林论@x注释 | |
| 605 | @a反杜林论-恩格斯著作研究 | |
| 606 | 0 | @a恩格斯著作研究-反杜林论 |
| 690 | @aA811.24@v3 | |
| 690 | @aA81@v4 | |
| 711 | 02 | @a山东大学《反杜林论》释注编写组@Ashan dong da xue《 fan du lin lun》 shi zhu bian xie zu@4编 |
| 801 | 0 | @aCN@bTSSF |
| 801 | 2 | @aCN@bNLC |
| 905 | @a10447@dA81@eJY6 | |
| 《反杜林论》释注/山东大学《反杜林论》释注编写组编.-济南:山东人民出版社,1982 |
| 520页;21cm |
| ISBN :CNY1.70 |
| ● |
| 相关链接 |
|
|
|
|
正题名:《反杜林论》释注
索取号:A81/JY6
 
预约/预借
| 序号 | 登录号 | 条形码 | 馆藏地/架位号 | 状态 | 备注 |
| 1 | 7809424 | 278094241 | 学院路分馆/ [索取号:A81/JY6] | 在馆 | |
| 2 | 7809425 | 278094250 | 学院路分馆/ [索取号:A81/JY6] | 在馆 |